Well disposed (Record no. 108752)
[ view plain ]
| 000 -LEADER | |
|---|---|
| fixed length control field | 01365cad a22002295a 4500 |
| 001 - CONTROL NUMBER | |
| control field | L145311 |
| 008 - FIXED-LENGTH DATA ELEMENTS--GENERAL INFORMATION | |
| fixed length control field | 110419s20080925xxkado f s f000 0 eng d |
| 035 ## - SYSTEM CONTROL NUMBER | |
| System control number | (Sirsi) u145311 |
| 041 0# - LANGUAGE CODE | |
| Language code of text/sound track or separate title | eng |
| 050 04 - LIBRARY OF CONGRESS CALL NUMBER | |
| Classification number | 614.76 $2 18 |
| 110 2# - MAIN ENTRY--CORPORATE NAME | |
| Corporate name or jurisdiction name as entry element | United Kingdom |
| Subordinate unit | Audit Commission |
| 9 (RLIN) | 3863 |
| 245 00 - TITLE STATEMENT | |
| Title | Well disposed |
| Remainder of title | responding to the waste challenge |
| Medium | [electronic resource] |
| 260 ## - PUBLICATION, DISTRIBUTION, ETC. | |
| Place of publication, distribution, etc. | London |
| Name of publisher, distributor, etc. | Audit Commission |
| Date of publication, distribution, etc. | 2008 |
| 505 2# - FORMATTED CONTENTS NOTE | |
| Formatted contents note | Questions for councillors to ask -- Recommendations -- National problem, local solutions -- National framework, local responses -- National policies, local pressures -- Local ahievement, national success -- Local risks, local solutions -- Local challenge, local leadership -- Conclusion -- References -- Appendices |
| 520 ## - SUMMARY, ETC. | |
| Summary, etc. | Report looks at how English councils are responding to the challenges faced disposing of increasing amounts of waste. It reviews progress against targets and objectives and seeks to assess the quality of strategic planning and local decisions. |
| 521 ## - TARGET AUDIENCE NOTE | |
| Target audience note | Advanced |
| 590 ## - LOCAL NOTE (RLIN) | |
| Local note | KA |
| 651 #4 - SUBJECT ADDED ENTRY--GEOGRAPHIC NAME | |
| Geographic name | United Kingdom |
| Chronological subdivision | |
| 690 ## - LOCAL SUBJECT ADDED ENTRY--TOPICAL TERM (OCLC, RLIN) | |
| Topical term or geographic name as entry element | ENVIRONMENTAL AND LAND CONSULTANCY-WASTE MANAGEMENT |
| 856 40 - ELECTRONIC LOCATION AND ACCESS | |
| Uniform Resource Identifier | <a href="https://www.audit-commission.gov.uk/SiteCollectionDocuments/AuditCommissionReports/NationalStudies/WellDisposed25Sep08REP.pdf">https://www.audit-commission.gov.uk/SiteCollectionDocuments/AuditCommissionReports/NationalStudies/WellDisposed25Sep08REP.pdf</a> |
| Public note | View the item free of charge online at www.audit-commission.gov.uk |
| 942 ## - ADDED ENTRY ELEMENTS (KOHA) | |
| Suppress in OPAC | 0 |
| Withdrawn status | Lost status | Source of classification or shelving scheme | Damaged status | Not for loan | Home library | Current library | Shelving location | Date acquired | Total Checkouts | Full call number | Barcode | Date last seen | Copy number | Price effective from | Koha item type |
|---|---|---|---|---|---|---|---|---|---|---|---|---|---|---|---|
| Dewey Decimal Classification | Virtual | Virtual | Online | 26/09/2008 | ONLINE PUBLICATION | 145311-1001 | 06/08/2019 | 1 | 06/08/2019 | Book |